LABOUR AND INDUSTRIAL CASES [2003] [VOL-1] JAN TO MARCH (Record no. 7261)

MARC details
000 -LEADER
fixed length control field 00408nam a22001457a 4500
005 - DATE AND TIME OF LATEST TRANSACTION
control field 20200619093900.0
008 - FIXED-LENGTH DATA ELEMENTS--GENERAL INFORMATION
fixed length control field 200619b xxu||||| |||| 00| 0 eng d
082 ## - DEWEY DECIMAL CLASSIFICATION NUMBER
Classification number 345.4 LIC
110 ## - MAIN ENTRY--CORPORATE NAME
Corporate name or jurisdiction name as entry element LABOUR AND INDUSTRIAL CASES
245 ## - TITLE STATEMENT
Title LABOUR AND INDUSTRIAL CASES [2003] [VOL-1] JAN TO MARCH
260 ## - PUBLICATION, DISTRIBUTION, ETC. (IMPRINT)
Place of publication MUMBAI
Name of publisher ALL INDIA REPORTER , PVT. LTD
300 ## - PHYSICAL DESCRIPTION
Number of Pages 960;p
650 ## - SUBJECT ADDED ENTRY--TOPICAL TERM
Topical Term LAW
942 ## - ADDED ENTRY ELEMENTS (KOHA)
Koha item type Journals/Serial
Holdings
Lost status Damaged status Home library Current library Shelving location Date acquired Source of acquisition Full call number Accession Number Koha item type
    JRU Library   SHELF-41-B 01/07/2020 PURCHESS 345.4 LIC 24826 Journals/Serial